000 00297nam a22001337a 4500
008 170316b xxu||||| |||| 00| 0 eng d
020 _a9781428304215
041 _aeng
080 _211 ED
_a611
100 _a7
101 _aSHM
245 _aBODY STRUCTURE FUNCTION
_cSCOTT.A.S
942 _2udc
_cBK
999 _c7959
_d7959